| 000 | 00866nac a22002537a 4500 | ||
|---|---|---|---|
| 001 | BR7400223 | ||
| 003 | BR-BrBNA | ||
| 005 | 20240105113739.0 | ||
| 008 | 230509b bl.|||m| |||| 00| 0 por d | ||
| 040 |
_aBR-BrBNA _bpor _cBiblioteca Nacional de Agricultura |
||
| 072 | _aF00; E30 | ||
| 090 | _a2120 BR7400223 | ||
| 110 | 1 |
_aGrupo Executivo de Racionalizacao da Cafeicultura, Rio de Janeiro, GB (Brasil) _95495 |
|
| 245 | 1 | _aRelatorio de 1971 [Grupo Executivo de Racionalizacao da Cafeicultura, Brasil] | |
| 260 | 3 |
_aRio de Janeiro, GB (Brasil): _c1973. |
|
| 300 | _a24 p. | ||
| 490 |
_aRelatorio - Grupo Executivo de Racionalizacao da Cafeicultura (Brazil) _v _x |
||
| 500 | _a20 illus. | ||
| 650 | _aCAFE | ||
| 650 | _aPLANEJAMENTO AGRICOLA | ||
| 650 | _aASSISTENCIA TECNICA | ||
| 909 |
_a202312 _bLúcia Elande _c55 _dLúcia Elande |
||
| 942 |
_2AGRIS _n0 _cMS |
||
| 999 |
_c265332 _d265332 |
||